000 00528 a2200169 4500
999 _c1430
_d1430
020 _a9788131505663
050 _aHB74 BAL 2007
100 _aBaldani
_eAuthor
245 _aAn introduction to mathematical economics /
_cBaldani, Bradfield and Turner
264 _aNew Delhi:
_bSouth Western Cengage learning,
_c2007
300 _a531p.
500 _aIncludes bibliographical references and index
650 _aEconomics
_xMathematical
700 _aBradfield
_eauthor
700 _aTurner
_eauthor
942 _2lcc
_cBK
_h74
_iBAL
_kHB